000 00312nam a2200133Ia 4500
005 20260328104335.0
008 260328s9999||||xx |||||||||||||| ||und||
100 _aGrayson, James
245 4 _aThe New Wood House /
_cJames Grayson
260 _bBulfinch
300 _a172 p.
650 _aPLANOS
942 _cBK
999 _c11852
_d11852